=LDR 00000nam 2200000 4500 =001 INLIS000000000036734 =005 20130612142513 =008 ***********************************Ind** =035 ##$$0010-061300000036734 =041 ##$$a Ind =082 ##$$a 373.230 76 =090 ##$$a 373.230 76, Ser s =245 ##$$a 100 persen bahasa tuntas soal-soal asli SMA IPA 2012, Arif Alfatah. S.Pd...[et.a] =260 ##$$a 2011 $b Yogyakarta =300 ##$$a vi, 374 hlm, ilus6c28 cm =650 ##$$a Pendidikan lanjutan Soal-Soal dan pembahasan =850 ##$$a NBPNMAT